000 00581nam a2200205 i 4500
001 91106
003 ES-MaACL
005 20251201163628.0
007 t|
008 050127s1901 fr ||||1| fre d
100 1 _aLeonardon, Henri.
_971675
245 1 0 _aPrim /
_cH. Leonardon.
260 _aParis :
_bF. Alcan,
_c1901 (
_eChartres :
_fDurand)
300 _a214 p. ;
_c19 cm.
490 1 _aMinistres et Hommes d'Etat
600 1 4 _aPrim, Juan,
_d1814-1870
_9242561
830 0 _aMinistres et Hommes d'Etat
_9231968
852 _aES-MaACL
_jD-2065
999 _c91106
_d91106